Salade - Mort Subite - Statistiques

Statistiques générales
  • Ce quiz a été pris 189 fois
  • Le résultat moyen est 5 sur 16
Answers on the Grid
Answers color-coded by a green-red scale on the quiz's grid according to % correct below.
Salade niçoise
Salade grecque
Salade César
Panzanella / Panmolle
Celery Victor
Cheese slaw
Taboulé
Snezhanka
Pasembur
Piyaz
Larb / Laab
Hareng en fourrure
Golbaengi-muchim
Menudo
Gaspacho
Sukiyaki
Homard Thermidor
Biltong
Galbi-gui
Laksa
Panini
BLT
Kharcho
Tourtière
Saure Zipfel
Tam mak hoong / Tum mak hoong
Karedok
Wurstsalat
 
Statistiques - réponses
Réponse % Correct
Salade César
89%
Salade grecque
82%
Salade niçoise
82%
Taboulé
74%
Wurstsalat
27%
Celery Victor
26%
Cheese slaw
26%
Tam mak hoong / Tum mak hoong
14%
Panzanella / Panmolle
13%
Larb / Laab
12%
Golbaengi-muchim
10%
Piyaz
9%
Hareng en fourrure
8%
Snezhanka
8%
Karedok
6%
Pasembur
5%
Aucun quiz correspondant
Distribution des résultats
% des personnes avec chaque résultat
Percentile par nombre de réponses
Votre historique - résultats
Vous n’avez pas pris ce quiz